000 02428nam0a2200397 4500
001 RU\NLR\BIBL_A\011611065
005 20250626100231.0
020 _aRU
_b11436
_9Сводный каталог листовок первых лет Советской власти (25 октября (7 ноября) 1917 - 1925) Т.4 (Ч.3). Листовки советских, партийных, профсоюзных, комсомольских и других организаций губерний РСФСР
035 _a(NLR Aleph) 011611065
090 _a10935928
_c10935928
100 _a20180130d1920 |||y0rusy50 ca
101 0 _arus
102 _aRU
105 _ay z 000zy
135 _acrcn 024apada
200 1 _aПриказ по Дорогобужскому уездному комиссариату по военным делам № 127, 28 сент. 1920 г., г. Дорогобуж
_e[об изъятии шинелей у населения
_eлистовка]
210 _a[Дорогобуж]
_cб. и.
_d1920, сент.]
215 _a1 с.
_d33х18
300 _aПодписи: Дорогобужский уездный военный комиссар Ермаков; уездный военный руководитель Ермаченков
325 1 _aКопия доступна в Электронной библиотеке РНБ
517 1 _aОб изъятии шинелей у населения
607 _aРСФСР
_jЛистовки
_xПолитика и управление
_y1917 - 1925
_92312782
_3RU\NLR\auth\6601609564
686 0 _aТ3(2)71-313,011
686 1 _aЦ35(2)712,011
702 1 _4720
_7ca
_8rus
_aЕрмаков
_bГ. Г.
_cпарт. и хоз. деятель
_f1892-1982
_gГригорий Гаврилович
_9186923
_3RU\NLR\AUTH\770186974
702 1 _4720
_7ca
_8rus
_aЕрмаченков
_cвоен. руководитель, Дорогобуж
_9186929
_3RU\NLR\AUTH\770186980
710 0 2 _aДорогобужский уездный комиссариат по военным делам
_9592674
_3RU\NLR\AUTH\880465080
852 0 0 _aNLR
_bФЛ
_j52/10
942 _cBOOK
980 _aNB
981 2 1 _a(21) Листовки
_b(21) Листовки 1920 года